00443nam a22001577a 450000500170000001000150001702000260003203500140005803700130007208200130008510000240009824500680012226000350019027000430022530000170026820230814131446.0 aENG-137473 c250.00a9788184303643 aEN-121005 bDBAD/PUB a920.9024 aMishra, Vinod Kumar aThe Life and Time of Leonardo Da Vinci/cBy Vinod Kumar Mishra  aNew DelhibOCEAN BOOKS Pvt Ltd a4/19 ASAF ALI ROAD bNew Delhie110002 a142p.c23cm,